Score 0/7 Timer 03:00
0 Plays Today
Question Answer Wrong Answers
Canadian Prime Minister Brian Mulroney and US President Ronald Reagan sign a free trade agreement. It is eventually superseded by ______ with the addition of Mexico in 1994.
1988
NAFTA
88.8%
BAFTA
2.7%
CAFTA
3.6%
MAFTA
2.6%
This southern US state, which is named after a British monarch, becomes the fourth state to ratify the US Constitution.
1788
Georgia
88.3%
Florida
1%
Louisiana
9.5%
Alabama
1.2%
John F. Kennedy, then a Senator from ______, announces his candidacy for the US Presidency.
1960
Massachusetts
86.4%
Connecticut
4.9%
Vermont
2.2%
New Hampshire
4.8%
This American actor, known for films like ‘Boyz n the Hood’, ‘Men of Honor’, and ‘Jerry Maguire’, is born.
1968
Cuba Gooding, Jr.
67.2%
Ice Cube
5%
Tom Cruise
20.9%
Denzel Washington
5%
The second ______ Raid takes place across several US cities, with another 6,000 suspected communists and anarchists arrested and held without trial.
1920
Palmer
62.2%
Player
7.1%
Hogan
24.5%
Nicklaus
5.7%
This cultural center on the Pegnitz River, the second-largest city in the German federal state of Bavaria after Munich, is severely bombed by Allied forces.
1945
Nuremberg
36.9%
Hamburg
30.7%
Hanover
9.7%
Frankfurt
21.9%
Luna 1, the first spacecraft to reach the vicinity of the Moon and to orbit ______, is launched by the Soviet Union.
1959
The Sun
29.2%
Mars
63.9%
Jupiter
4.3%
Pluto
1.1%
Remove Ads.
Support Sporcle.
Get the best of Sporcle when you Go Orange. This ad-free experience offers more features, more stats, and more fun while also helping to support Sporcle. Thank you for becoming a member.

You're not logged in!

Compare scores with friends on all Sporcle quizzes.
OR
Log In

Show Comments

Extras

Top Quizzes Today


Score Distribution

Your Account Isn't Verified!

In order to create a playlist on Sporcle, you need to verify the email address you used during registration. Go to your Sporcle Settings to finish the process.

Report this User

Report this user for behavior that violates our Community Guidelines.

Details: